| 000 | 04016nab a2200397 i 4500 | ||
|---|---|---|---|
| 003 | BR-BrBNA | ||
| 005 | 20240816115207.0 | ||
| 008 | 240816b2018 bl.|r|pooa||| 00| 0 eng | | ||
| 040 |
_aBR-BrBNA _beng |
||
| 072 |
_aL50 _b5250 |
||
| 072 | _aL70 | ||
| 100 | _aBraz, B.M.A. | ||
| 100 | _aValente, J.D.M. | ||
| 100 | _aVillalobos, E.M.C. | ||
| 100 | _aLara, M.C.C.S.H. | ||
| 100 | _aMachado, C.A.L. | ||
| 100 | _aBarbosa, I.C. | ||
| 100 | _aMelo, V.S.P. | ||
| 100 | _a Stipp, D.T. | ||
| 100 | _aBarros-Filho, I.R. | ||
| 100 | _aBiondo, A.W. | ||
| 100 | _aVieira, T.S.W.J. | ||
| 100 | _aVieira, R.F.C. | ||
| 245 | _aSeroepidemiology of Neospora caninum among goats (Capra hircus) in the state of Paraíba, northeastern Brazil | ||
| 500 | _aPublicação online; 30 ref.; Summaries (En, Pt) | ||
| 520 | _a ABSTRACT - Although goat dairy farms in Brazil may have a higher risk of infection by Neospora caninum than beef farms, risk factor evaluation on a representative population remains to be fully established in Brazil. Accordingly, this study aimed to establish the occurrence of anti-N. caninum antibodies and factors associated with exposure in 406 blood samples from five dairy and three beef goat farms in the state of Paraíba, northeastern Brazil. Anti-N. caninum antibodies were detected by indirect immunofluorescence assay (IFA), with samples considered positive when reacting with dilution ≥ 1:50. A total of 106/406 goats (26.11%; 95% CI: 21.96-30.72%) were seroreactive comprising 2/61 (3.28%), 10/45 (22.22%), 13/50 (26.00%), 17/51 (33.33%) to 29/46 (63.04%) in dairy farms, and from 3/54 (5.56%), 12/50 (24.00%) to 20/49 (40.82%) on the beef farms. No significant associations were found in relation to age, gender, dairy versus beef farms, occurrence of abortions or mummified fetuses, and seroreactivity to N. caninum (P>0.05). In conclusion, goat farms in the state of Paraíba showed the highest occurrence of anti-N. caninum antibodies to date in Brazil. Keywords: IFA, neosporosis, seroprevalence, small ruminants | ||
| 520 | _a RESUMO - Embora as criações caprinas de leite no Brasil possam ter maior probabilidade de risco de infecção por Neospora caninum do que as de carne, a avaliação dos fatores de risco em uma população representativa ainda não está totalmente estabelecida no Brasil. Dessa forma, este estudo teve por objetivo estabelecer a soroprevalência de N. caninum e seus fatores associados à exposição em 406 amostras de sangue de cinco fazendas de leite e três de corte provenientes do estado da Paraíba, região Nordeste do Brasil. A detecção de anticorpos anti-N. caninum foi realizada utilizando-se a reação de imunofluorescência indireta (RIFI), com as amostras consideradas positivas na diluição ≥ 1:50. No total, 106/406 (26,11%; IC 95%: 21,96-30,72%) caprinos foram sororreagentes, variando de 2/61 (3,28%), 10/45 (22,22%), 13/50 (26,00%), 17/51 (33,33%) a 29/46 (63,04%) em fazendas de leite, e de 3/54 (5,56%), 12/50 (24,00%) a 20/49 (40,82%) em fazendas de corte. Não foram observadas associações significativas entre idade, sexo, criação de leite e carne, ocorrência de abortamentos ou fetos mumificados e sororreatividade para N. caninum (P>0,05). Em conclusão, fazendas de caprinos da Paraíba mostraram as mais altas ocorrências de anticorpos anti-N. caninum até o momento no Brasil. Palavras-chave: neosporose, pequenos ruminantes, RIFI, soroprevalência | ||
| 650 | _aCAPRINO | ||
| 650 | _aNEOSPOROSE | ||
| 650 | _aBIOQUÍMICA ANIMAL | ||
| 650 | _aANTICORPO | ||
| 773 | 0 |
_01643 _9317174 _dBelo Horizonte-MG Universidade Federal de Minas Gerais - Escola de Veterinaria 1983 _o2024-3790 _tArquivo Brasileiro de Medicina Veterinária e Zootecnia (Brazil) _x0102-0935 _gv. 70(1) p. 147-152; (2018) _wBR2024002284 |
|
| 856 | _uhttps://www.scielo.br/j/abmvz/a/jhSMtThdHhPPQB7VfZg8bzR/?format=pdf&lang=en | ||
| 942 | _cAnalítica | ||
| 999 |
_c300932 _d300932 |
||